El Canuck's Wrestling Trivia Quiz #2: The WWE Championship - Statistics

General Stats
  • This quiz has been taken 28 times
    27 since last reset
  • The average score is 11 of 15
Answer Stats
Question Answer % Correct
Which of these World Championships WAS NOT absorbed into the WWE Championship? AWA World Championship
90%
Which of the following wrestlers was the first (by chronological date, not age) to win the WWE Championship? Brock Lesnar
90%
On January 25th, '25 episode of Saturday Night's Main Event Cody Rhodes, as WWE champion, and fitting with the retro theme of the show, had with him the classic, 'Winged Eagle' version of the WWE championship to go with the current version of the championship. Who stole the 'Winged Eagle' version of the belt from him? Kevin Owens
90%
Which wrestler modified the "Spinner" design of the belt so that the spinning, WWE "scratch" logo was in a fixed, upside-down position? The Miz
90%
Andre "The Giant" is recognized as a WWE Champion, but his reign is noted as lasting less than a day. Why was that? Andre gifted the title to Ted Dibiase, but the gifting was disallowed and the title vacated.
85%
Which wrestler carried their own, unique version of the WWE Championship that was said to be made from "entirely sustainable materials", such as a hempen belt strap, wooden plates carved from a naturally fallen tree, and other organically sourced materials? Daniel Bryan
85%
Who was the first wrestler to win the WWE Championship via the cashing in of a Money in the Bank briefcase? Edge
85%
Which Japanese wrestling legend defeated the then-WWE Champion in Japan in a sanctioned match, but has since had his championship win disregarded by WWE, rendering him a phantom champion? Antonio Inoki
80%
At which WrestleMania did Kofi Kingston win his first (and to date only) WWE Championship? WrestleMania 35
80%
Years after the above belt was destroyed, a similar*, smashed-up, 'Winged Eagle' WWE Championship belt was repurposed into an entirely new championship. What was the name of that championship? *(Long rumoured to be the same physical belt, it's been confirmed that they were indeed separate iterations of the 'Winged Eagle') WWE Hardcore Championship
80%
Which version of the WWE Championship belt was in use when CM Punk won his first WWE Championship?
75%
While the Royal Rumble winner is typically awarded a WrestleMania title shot at a World-tier championship (if there's more than one title, the winner must choose between them), one Royal Rumble match awarded the championship itself as the prize. Who won that Royal Rumble? Ric Flair
70%
When the now-WWE split from the NWA in 1963, they crowned Buddy Rogers as their first champion after he lost his NWA World Heavyweight championship. The reason given was that promoters Toots Mondt and Vince McMahon Sr. believed that the new NWA champion was not a strong draw and refused to recognize him as the World's champion. Who was the NWA champion that they were referring to? Lou Thesz
55%
Which wrestler stole the WWE Championship belt from Hulk Hogan on a Saturday Night's Main Event episode in November of 1989 and proceeded to smash it to pieces with a hammer? Mr. Perfect
40%
What sports team was the first to receive an official replica of the WWE Championship as a gift from the WWE for winning the respective championship of their own sport? San Francisco Giants
15%
No matching quizzes found
Score Distribution
Percent of People with Each Score
Percentile by Number Answered
Your Score History
You have not taken this quiz since the last reset